Dates - Histoire Moderne - Statistiques

Statistiques générales
  • Ce quiz a été pris 50 fois
    29 depuis la dernière actualisation
  • Le résultat moyen est 54 sur 148
Statistiques - réponses
Hint Réponse % Correct
John Cabot propose un troisième passage aux Anglais. 1497
80%
Découverte du Brésil par les Portugais. 1500
80%
Martin Waldseemüller imprime des cartes et donne un nom à l’hypothèse d'Amerigo Vespucci qui pensait qu’il y aurait un autre continent après l’Amérique. 1507
80%
Arrivée de Cortés au Mexique. 1519
80%
François Ier obtient du Pape un assouplissement du traité de Tordesillas. 1533
80%
Jacques Cartier découvre le Canada. 1534
80%
Zacatecas 1546
80%
Pedro Menendez (adelantado) réussit à s’emparer des français sur les plages de Matanzas : Fonde le comptoir de sainte Augustine en Floride / Destruction de fort Caroline (fr) 1565
80%
Expédition de de Champlain qui doit s’installer à Tadoussac : Notion de convergence culturelle 1603
80%
Alliance franco-huronne. 1609
80%
Début de la guerre anglo-powhatans. 1610
80%
John Rolfe fait fortune grâce au tabac. 1612
80%
Mariage de John Rolfe et de Pocahontas / Baptême de Pocahontas / Fin de la guerre anglo-powhatans. 1614
80%
Départ du couple Rolfe pour l’Angleterre 1617
80%
Mayflower : Installation du Plymouth Council. 1620
80%
Premier Thanksgiving 1621
80%
Reprise de la guerre anglo-powhatans. 1622
80%
Richelieu imagine la compagnie des Cent associés. 1627
80%
Fondation de Harvard College dans le but de former une élite puritaine. 1636
80%
Traité d'Utrecht qui met fin à la guerre de succession d'Espagne. 1713
80%
Boston Tea Party. 1773
80%
Déclaration d'indépendance des USA. 1776
80%
Prise de Constantinople par les Ottomans. 1453
60%
Découverte du cap de Bonne Espérance. 1488
60%
Installation des Espagnols à Porto Rico 1508
60%
Découverte de la Jamaïque 1509
60%
Ponce de Léon découvre la Floride. 1513
60%
Fernando de Magellan propose ses services aux Espagnols, il espère trouver un nouveau passage au sud. 1519
60%
Giovanni Da Verrazzano part de Viennes dans le but de rechercher un passage au nord-ouest pour François Ier. Il arrive à Terre-Neuve et découvre la Nouvelle-Angoulême (actuel NY) 1524
60%
Le chef de l’Eglise anglicane est le roi d’Angleterre lui-même. 1534
60%
Deuxième expédition de Sir Walter Raleigh avec 7 navires et appelle la région autour de Roanoke la Virginia en l’honneur de sa reine. 1585
60%
Édit de Nantes 1598
60%
Fondation de la VOC (Vereenigde Oostindische Compagnie). 1602
60%
Naissance de la société par actions : Virginia Company. 1606
60%
Fondation de Jamestown. 1607
60%
Fondation de Québec par Champlain. 1608
60%
Richelieu entre au conseil royal. 1624
60%
Richelieu devient surintendant de la navigation. 1626
60%
Siège de la Rochelle. 1628
60%
Paix de Saint-Germain-en-Laye avec les Anglais, Quebec est rétrocédée et Champlain revient. 1632
60%
Richelieu s’implique dans la guerre de 30 ans au côté des luthériens pour “raisons d’Etat”. 1635
60%
Mort de Richelieu. 1642
60%
Fondation de Ville-Marie de Mont-Royal par des religieuses de l'ordre des hospitalières. Moyen de lier intérêt commercial et expansion religieuse. 1642
60%
Création de la ligue d'Augsbourg. 1688
60%
Guerre de Sept Ans 1756 - 1763
60%
Traité de Paris. 1763
60%
Bataille de Yorktown, défaite anglaise. 1781
60%
Prise de Grenade. 2 janvier 1492
60%
Découverte d’Hispaniola (Haïti). 1496
40%
Découverte de Cuba. 1511
40%
Hernando de Soto reçoit le titre d’adelantado pour la première fois. 1539
40%
Potosi 1543
40%
Gaspard de Coligny devient amiral de France. 1552
40%
Paix de Cateau-Cambrésis entre la France et l’Espagne. 1559
40%
Jean Ribault part de Dieppe et fonde plusieurs forts avec une petite expédition de corsaires français en Floride. 1562
40%
Provinces-Unies s’émancipent de l’Espagne en se séparant des Pays Bas espagnols. 1581
40%
Sir Walter Raleigh obtient de la reine Elizabeth I une charte pour tenter de s’implanter en Amérique du Nord : mène une expédition en baie de Pamlico. 1584
40%
Naissance de Virginia Dare. 1587
40%
Guerre déclarée entre Elizabeth et Philippe II. 1588
40%
Période durant laquelle Élisabeth Ier interdit à tout navires anglais de quitter le Royaume-Uni (2 ou 3 ans) ce qui empêche Raleigh de s'occuper de la colonie de Roanoke. 1588 - 1589
40%
Fondation de Port Royal en Acadie par Pierre du Gua de Monts 1605
40%
Première assemblée politique de Jamestown : House of Burgesses. 1619
40%
Les Hollandais fondent New Amsterdam sur le site de Manhattan. 1624
40%
Fondation de Trois-Rivières par les Anglais pour en faire un poste de traite de fourrures. 1634
40%
Fondation du Connecticut. 1638
40%
Fundamental orders : texte constitutionnel définissant les pouvoirs de l’assemblée du Connecticut 1639
40%
Louis XIV dissout la compagnie des Cent Associés, la Nouvelle-France devient une colonie royale, le roi est le propriétaire direct. 1663
40%
Expédition menée sous Jacques duc d’York. 1664
40%
Jean Talon est envoyé en Nouvelle-France par Colbert où il entreprend un recensement à Québec. 1665
40%
René-Robert Cavelier de La Salle embarque avec 23 Français et 18 Indiens et découvre l'embouchure du Mississipi. Echec énorme parce qu'il pensait aller vers l'Ouest. => Découverte de la Louisiane. 1682
40%
Mort de Colbert. 1683
40%
Glorieuse Révolution 1688
40%
Début de la Guerre de la Ligue d'Augsbourg ("Seconde Guerre de Cent Ans"). 1689
40%
Traité de Ryswick qui met fin à la Guerre de la Ligue d'Augsbourg. 1697
40%
Guerre de Succession d'Espagne. 1701 - 1713
40%
Le roi cède la Louisiane à Antoine Crozat, l'homme le plus riche de France àl'époque. 1712
40%
Banqueroute de Law qui entraîne la chute de la Compagnie du Mississippi. 1720
40%
Incident de Rebecca 1731
40%
Guerre de Succession d'Autriche 1740-1748
40%
La Nouvelle-France compte environ 75 000 habitants. 1750
40%
Début du "Grand Dérangement" en Acadie. 1754
40%
"L'année des Anglais". 1759
40%
La France obtient la Corse auprès des Génois. 1768
40%
Premier Congrès continental à Philadelphie. 1774
40%
Traité de Tordesillas. 7 juin 1494
40%
Rois d'Espagne promulguent des lois contre les populations juives 1494
20%
Volta de Vasco de Gama 1497-1498
20%
On commence à comprendre que l’Amérique devient un continent “obstacle”. 1519
20%
Gaspard de Coligny théorise la “France Antarctique” lorsqu’il lance une expédition à Rio de Janeiro contre les Portugais. 1555
20%
Philippe II remporte la bataille navale de Lépante contre les Turcs musulmans. 1571
20%
Troisième expédition de Raleigh qui aboutit à la fondation de la colonie de Roanoke. 1587
20%
Traité de paix signé entre l’Angleterre et les Habsbourgs d’Espagne. 1604
20%
Épidémie de variole chez les Indiens. 1617
20%
John Winthrop fonde Boston à l’embouchure de la Charles River. 1629
20%
Les Anglais prennent Quebec. 1629
20%
Exécution de Charles Ier, l'Angleterre est gouvernée par Cromwell. 1649
20%
Les Anglais votent le Navigation Act qui impose l'usage des navires anglais pour toute marchandise vendue au Royaume-Uni. Cette mesure lèse les marchands d'Amsterdam et déclenche les guerres anglo-hollandaises. 1651
20%
Trois guerres anglo-hollandaises. 1652 - 1674
20%
La Nouvelle-Néerlande tombe face à l'Angleterre lors de la deuxième guerre anglo-hollandaise. La ville est trop cosmopolite. 1664
20%
Ouvrage No Cross, No Crown de William Penn. Soutient qu'on ne peut avoir de monarchie sans soutien religieux. 1669
20%
Révolte de Nathaniel Bacon en Virginie. Cette insurrection voit les engagés s'allier aux esclaves africains contre les riches propriétaires. 1676
20%
William Penn devient le propriétaire de la Pennsylvanie. 1681
20%
Mort de René-Robert Cavelier de La Salle, il est considéré comme le "père de la Louisiane". 1687
20%
Siège de Québec par les Anglais. 1690
20%
Grande Paix de Montréal. 1701
20%
John Law récupère la Louisiane qui fonde la Compagnie du Mississippi. 1717
20%
Fondation de la ville de la Nouvelle-Orléans par les envoyés de John Law. 1718
20%
Code Noir introduit en Louisiane. 1724
20%
Fondation de la Géorgie, État tampon avec la Floride. 1732
20%
Traité d'Aix-la-Chapelle. 1748
20%
Le marquis de Montcalm est envoyé avec pour mission de mener une guerre contre les anglais. 1756
20%
Prise de Louisbourg. 1758
20%
Capitulation de Montréal, les officiers français brûlent leurs drapeaux. 1760
20%
Quebec Act. 1774
20%
Explosion de l'importation de l'argent des mines espagnoles en Amérique du Sud qui provoque une montée des prix. Années 1540
20%
Premières représentations de l'Amérique sur des planisphères, surtout avec celui de Cantino qui marque la ligne de délimitation du Traité de Tordesillas. 1502
0%
Apparition du terme de "Nova Francesca" pour désigner "l'obstacle américain". C'est une façon de revendiquer labterre comme légitimement française. 1524
0%
Don Pedro de Valdez (Amiral espagnol) est rapatrié pour une rançon de 1500$ et échangé contre un prisonnier anglais détenu en France. 1593
0%
La VOC est de plus en plus intéressée par l’Amérique du Nord car les Hollandais souhaitent aussi trouver un passage du Nord Ouest. 1609
0%
Création de New Hampshire. 1623
0%
La Virginie devient colonie royale. 1624
0%
Charles Ier octroie une charte officielle à Plymouth Plantation : Massachusets Bay Company. 1629
0%
Charte obtenue pour établir la colonie de Rhode Island par les quakers. 1644
0%
Reconnaissance officielle des Provinces-Unies. 1644
0%
Cromwell et les Navigation Acts 1651
0%
Mort de Cromwell, Charles II est appelé au pouvoir. 1660
0%
Fondation de la Caroline via une charte à monopole concédée par Charles II. 1663
0%
Colbert devient contrôleur général des finances. 1665
0%
1 000 femmes dont 800 Filles du Roy arrivent à Québec dans le cadre de la politique démographique volontariste établie par Talon et Colbert. 1665 - 1673
0%
Colbert est secrétaire d'État à la marine et gère les colonies par extension. 1669
0%
Fondation de la Hudson's Bay Company. 1670
0%
Jean Talon distribue 40 seigneuries aux officiers du régiment de Carignan-Salières. 1672
0%
Le cartographe Louis Jolliet et le père Marquette sont chargés par le gouverneur Frontenac et l’intendant Talon d’atteindre “la grande rivière”, au sud des grands lacs, dont ils espèrent qu’elle se jette dans le Pacifique. Volonté de concurrencer les Portugais et les Espagnols. 1673
0%
René-Robert Cavelier de La Salle devient le seigneur de Fort Frontenac, censé protéger l'entrée des grands lacs. 1673
0%
René-Robert Cavelier de La Salle construit le Fort Niagara, se rapprochant du Mississippi. 1676
0%
Fondation de la ville de Philadelphie par William Penn où il espère établir la communauté Quaker. 1682
0%
Mort de Charles II, Jacques d'York devient roi, NY devient donc officiellement une colonie royale. 1685
0%
Le Massachussets devient une colonie royale. 1691
0%
Les premiers colons français sont envoyés en Louisiane sous la direction de Le Moyne d’Iberville 1699
0%
Les Anglais s'emparent de Port-Royal en Acadie, qu'ils rebaptisent Annapolis. Cetteplace est stratégique car elle se situe sur la route menant au Saint-Laurent. 1710
0%
Division de la Caroline (nord/sud). 1712
0%
Guerre de l'oreille de Jenkins 1739 - 1742
0%
Siège de San Augustine. 1740
0%
Prise de Louisbourg par les Anglais. 1745
0%
Construction du Fort Duquesne. 1754
0%
Siège et capture du fort d'Oswego. 1756
0%
Siège et capture du fort William Henry 1757
0%
Rencontre entre les Hurons et Frontenac. Il participe aux rites indiens, danse avec eux, illustrant une convergence culturelle. août 1690
0%
Aucun quiz correspondant
Distribution des résultats
% des personnes avec chaque résultat
Percentile par nombre de réponses
Votre historique - résultats
Vous n’avez pas pris ce quiz depuis la dernière actualisation